| Tag |
First Indicator |
Second Indicator |
Subfields |
| LEADER |
00000cam a2200000 a 4500 |
| 001 |
in00002075413 |
| 005 |
20151102121311.0 |
| 008 |
040805s2005 flua b 101 0 eng |
| 010 |
|
|
|a 2005295080
|
| 015 |
|
|
|a GBA466574
|2 bnb
|
| 016 |
7 |
|
|a 101243136
|2 DNLM
|
| 016 |
7 |
|
|a 012991506
|2 Uk
|
| 020 |
|
|
|a 082475333X (alk. paper)
|
| 029 |
0 |
|
|a NLM
|b 101243136
|
| 035 |
|
|
|a (OCoLC)ocm56649736
|
| 040 |
|
|
|a NLM
|c NLM
|d UKM
|d C#P
|d DLC
|d TXA
|d UtOrBLW
|
| 042 |
|
|
|a nlmcopyc
|
| 049 |
|
|
|a TXAM
|
| 050 |
|
4 |
|a TP372.8
|b .N69 2005
|
| 060 |
0 |
0 |
|a W1
|b FO509P v.141 2005
|
| 060 |
1 |
0 |
|a WA 695
|b N937 2005
|
| 082 |
0 |
4 |
|a 664.02
|2 22
|
| 245 |
0 |
0 |
|a Novel food processing technologies /
|c edited by Gustavo V. Barbosa-Cánovas, María S. Tapia, M. Pilar Cano ; associate editors, Olga Martín-Belloso, Antonio Martínez.
|
| 264 |
|
1 |
|a Boca Raton :
|b CRC Press,
|c [2005]
|
| 264 |
|
4 |
|c ©2005
|
| 300 |
|
|
|a xiv, 692 pages :
|b illustrations ;
|c 26 cm.
|
| 336 |
|
|
|a text
|b txt
|2 rdacontent
|
| 337 |
|
|
|a unmediated
|b n
|2 rdamedia
|
| 338 |
|
|
|a volume
|b nc
|2 rdacarrier
|
| 490 |
1 |
|
|a Food science and technology ;
|v 141
|
| 504 |
|
|
|a Includes bibliographical references and index.
|
| 650 |
1 |
2 |
|a Food Handling
|v Congresses.
|
| 650 |
2 |
2 |
|a Food Contamination
|x prevention & control
|v Congresses.
|
| 650 |
2 |
2 |
|a Food Microbiology
|v Congresses.
|
| 650 |
2 |
2 |
|a Food Technology
|v Congresses.
|
| 650 |
|
0 |
|a Food industry and trade
|x Technological innovations
|v Congresses.
|
| 700 |
1 |
|
|a Barbosa-Cánovas, Gustavo V.
|
| 700 |
1 |
|
|a Tapia, María S.
|
| 700 |
1 |
|
|a Cano, M. Pilar.
|
| 830 |
|
0 |
|a Food science and technology (Marcel Dekker, Inc.) ;
|v 141.
|
| 994 |
|
|
|a C0
|b TXA
|
| 948 |
|
|
|a cataloged
|b h
|c 2005/9/7
|d c
|e bwalker
|f 7:51:46 am
|
| 999 |
|
|
|a MARS
|
| 999 |
f |
f |
|s d286e2fe-62d4-3d40-97a7-2c2c895d9f1f
|i be92c37f-b968-32ae-9f1d-d24cc1b4ee78
|t 0
|
| 952 |
f |
f |
|p ric
|a Texas A&M University
|b Rellis Campus
|c Joint Library Facility
|d Remote Storage
|t 0
|e TP372.8 .N69 2005
|h Library of Congress classification
|i unmediated -- volume
|m A14832681782
|
| 998 |
f |
f |
|a TP372.8 .N69 2005
|t 0
|l Remote Storage
|